[Event "Subotica-ch op "]
[Site "Subotica"]
[Date "2007.03.09"]
[Round "9"]
[White "Cabarkapa, Novak"]
[Black "Crnkovic, Ivan"]
[Result "1/2-1/2"]
[WhiteElo "2091"]
[BlackElo "1848"]
[PlyCount "68"]
[EventDate "2007.02.19"]
[EventType "swiss"]
[EventRounds "9"]
[EventCountry "YUG"]
[SourceTitle "EXT 2008"]
[Source "ChessBase"]
[SourceDate "2007.11.25"]
[SourceVersion "1"]
[SourceVersionDate "2007.11.25"]
[SourceQuality "1"]

1. e4 d6 2. d4 Nf6 3. Nc3 g6 4. h4 h5 5. Be2 Bg7 6. f3 Nbd7 7. Be3 c6 8. Qd2 b5 9. Nh3 Bb7 10. 0-0 a6 11. Nf2 b4 12. Ncd1 a5 13. a3 c5 14. c3 bxa3 15. bxa3 Rc8 16. Rb1 Qc7 17. d5 Ne5 18. Bb5+ Kf8 19. Nd3 Nxd3 20. Qxd3 Nd7 21. Bxd7 Qxd7 22. c4 Bf6 23. Bf2 Kg7 24. Be1 Rb8 25. Bc3 Ba6 26. Bxf6+ exf6 27. Ne3 Qa4 28. Qc3 Qd7 29. Qxa5 Ra8 30. Qc3 Bc8 31. Rb3 Re8 32. Rfb1 Qe7 33. R1b2 Kh7 34. Nc2 Qe5 1/2-1/2

[Event "Subotica-ch op "]
[Site "Subotica"]
[Date "2007.03.02"]
[Round "6"]
[White "Crnkovic, Ivan"]
[Black "Kovacs, Sandor"]
[Result "1/2-1/2"]
[WhiteElo "1848"]
[BlackElo "1800"]
[PlyCount "98"]
[EventDate "2007.02.19"]
[EventType "swiss"]
[EventRounds "9"]
[EventCountry "YUG"]
[SourceTitle "EXT 2008"]
[Source "ChessBase"]
[SourceDate "2007.11.25"]
[SourceVersion "1"]
[SourceVersionDate "2007.11.25"]
[SourceQuality "1"]

1. e4 c5 2. Nf3 Nc6 3. d4 cxd4 4. Nxd4 e6 5. Nc3 Nf6 6. a3 Be7 7. Be2 d5 8. exd5 Nxd5 9. Nxd5 Qxd5 10. Bf3 Qe5+ 11. Ne2 Bd7 12. 0-0 Rd8 13. Qe1 Qc7 14. Bf4 Qc8 15. c3 0-0 16. Rd1 Na5 17. Nd4 Nc4 18. Bc1 Bf6 19. Qe4 Bxd4 20. Rxd4 Na5 21. Bd1 Bc6 22. Qh4 Rxd4 23. Qxd4 b6 24. Bc2 Qd8 25. Qf4 Qd5 26. f3 Qh5 27. Rd1 f6 28. Qd6 Qe8 29. b4 Nb7 30. Qd4 Qe7 31. Qh4 g6 32. Bb3 Nd6 33. Qe1 Re8 34. Bf4 Nf7 35. Bg3 Kg7 36. Rd2 e5 37. Bd5 Bxd5 38. Rxd5 Rd8 39. Qd2 Rxd5 40. Qxd5 Qd6 41. Qxd6 Nxd6 42. Bf2 Nc4 43. a4 a6 44. Kf1 b5 45. axb5 axb5 46. Ke2 Kf7 47. Kd3 Ke6 48. Bc5 Kd5 49. Be7 f5 1/2-1/2